000 00782nam a2200253Ia 4500
003 OSt
005 20221005081119.0
006 a|||||r|||| 00| 0
007 ta
008 221004b |||||||| |||| 00| 0 eng d
024 _a16537
037 _cTextual
040 _aCRL
_cCRL
_beng
041 _2eng
_aeng
082 _aO111944,1xN5, M1
100 _aMalik Keshav Editor
_9610823
245 0 _aNineteen poets
_b An anthology of contemporary Indo-English poetry
260 _aNew Delhi
_bPrachi Prakashan India
_c1981
300 _a111p.
_ccm.
650 _aENGLISH LITERATURE
700 _a Bandopadhyay Manohar Editor
_9610824
942 _hO111944,1xN5, M1
_cTEXL
_2cc
999 _c987170
_d987170